2026 - Logos de Equipos de Fórmula 1 - Estadísticas

Estadísticas generales
  • Esta prueba ha sido intentada 2.203 veces
  • La puntuación promedio es 9 de 11
Estadísticas de respuestas
Imagen Respuesta % Correcto
Ferrari
100%
Red Bull
100%
Mercedes
99%
Audi
95%
Aston Martin
93%
McLaren
83%
Alpine
79%
Williams
76%
Cadillac
65%
Haas
65%
Racing Bulls
46%
No se encontraron pruebas coincidentes
Distribución de puntuación
Porcentaje de gente con cada puntuación
Porcentaje por número respondido
Historial de tus puntuaciones
No has intentado esta prueba.